000 00655nam a2200181Ia 4500
008 151202s9999||||xx |||||||||||||| ||und||
082 _bPNVM-32910
100 _aआपटे ह.ना
245 _aमायेचा बाजार आवृत्ती 4 थी.
260 _b"आर्यभूषण मुद्रणालय,पुणे."
260 _c1965
300 _a416
600 _aआपटे ह.ना
630 _aमायेचा बाजार आवृत्ती 4 थी.
700 _aआपटे ह.ना
730 _aमायेचा बाजार आवृत्ती 4 थी.
942 _cBOOK
999 _c1298871
_d1298868